00000000nam##2200000za#4500
0019.699322
003CaOODSP
00520210625000328
007cr |||||||||||
008150407|1991||||xxc|||||o    f|0| 0 eng|d
040 |aCaOODSP|beng
043 |an-cn---
0861 |aEn40-692/1991E-PDF
1101 |aCanada. |bEnvironment Canada. |bConservation and Protection.
24510|aAtlantic Canada's PCB destruction program |h[electronic resource]
260 |aDartmouth - Nova Scotia : |bEnvironment Canada. |cJune 1991.
300 |a2p.
500 |aIncorrect catalogue number (En40-204/1-1991) copied in this electronic publication.
590 |a14-21-Supp|b2014-12-11
69007|aAtlantic provinces|2gcpds
69007|aToxic substances|2gcpds
69007|aWaste management|2gcpds
77508|tProgramme de destruction des BPC dans les provinces de l'Atlantique |w(CaOODSP)9.643313
85640|ahttp://publications.gc.ca|qPDF|s89 KB|uhttps://publications.gc.ca/collections/collection_2014/ec/En40-692-1991-eng.pdf